| 000 | 00914cam a22002655a 4500 | ||
|---|---|---|---|
| 001 | 16740093 | ||
| 005 | 20180225143450.0 | ||
| 008 | 110418s2012 nyua frbe 001 0 eng d | ||
| 020 | _a9781613246689 (set) | ||
| 040 |
_aDLC _cDLC _dDLC _dEG-ScBUE _beng |
||
| 082 | 0 | 4 |
_222 _a301.01 _bENC |
| 245 | 0 | 0 |
_aEncyclopedia of sociology research / _ceditors Miranda O. Parker and Alexander D. Petrov. |
| 260 |
_aNew York : _bNova Science Publishers, _cc.2012. |
||
| 300 |
_av. 3 : _bill. ; _c26 cm. |
||
| 490 | 0 | _aSocial issues, justice, and status | |
| 490 | 0 | _aSocial justice, equality, and empowerment | |
| 504 | _aIncludes bibliographical references and index. | ||
| 541 | _aDonation from Bacca. | ||
| 650 | 7 |
_aSociology _xResearch _vEncyclopedias. _2BUEsh |
|
| 651 | _2BUEsh | ||
| 653 |
_bGGEN _cFebruary2018 |
||
| 700 | 1 |
_aParker, Miranda O., _eeditor. |
|
| 700 | 1 |
_aPetrov, Alexander D., _eeditor. |
|
| 942 | _2ddc | ||
| 999 |
_c26163 _d26135 |
||